000 01010nam a2200301 i 4500
001 bg
100 1 _aBOYDELL, Tom
245 1 0 _aIdentyfikacja potrzeb szkoleniowych /
_cTom Boydell, Malcolm Leary ; przeł. Leszek Wójcik.
246 _iTyt. oryg.:
_aIdentifying training needs
260 _aKraków :
_bOficyna Ekonomiczna. Oddział Polskich Wydawnictw Profesjonalnych :
_b"ABC",
_c2001.
300 _a187 s. :
_bil. ;
_c24 cm.
490 1 _aZarządzanie Zasobami Ludzkimi (HR)
500 _aTyt. oryg.: "Identifying training needs" 1996.
504 _aIndeks.
650 9 _aKadry
_xpolityka
650 9 _aKształcenie ustawiczne
650 9 _aSzkolenie wewnątrzzakładowe
_xplanowanie
655 _aPodręczniki
700 1 _aLEARY, Malcolm
830 _aZarządzanie Zasobami Ludzkimi (HR)
020 _a8388597256
040 _cBPK
041 1 _apl
_hen
080 _a331.36:331.1:37.018.52](07)
920 _a83-88597-25-6
942 _cKS
008 s pl f |000 0 pol
999 _c40314
_d40314
856 _uhttp://koha.tu.koszalin.pl/cgi-bin/koha/opac-detail.pl?biblionumber=40314
_yKatalog online BPK